000 00440pab a2200169 454500
008 180718b1996 xxu||||| |||| 00| 0 eng d
100 _aBalishter
245 _aLoan overdue in agriculture
_bsuggestion to break the impasse.
260 _c1996
300 _ap.31-34,41
362 _aFeb
650 _aAgriculture - India
650 _aAgricultural credit - India
650 _aAgricultural credit
773 _aYojana
909 _a30435
999 _c30435
_d30435